Bienvenue au Catalogue en Ligne des Bibliothèques de l'Universite du Burundi

Studies in Tanzanian languages (Record no. 16192)

000 -GUIDE
Champ de contrôle de longueur fixe 00898nam a22002297a 4500
003 - IDENTITÉ DU NUMÉRO DE CONTRÔLE
Champ de contrôle BI-BuBU
008 - ÉLÉMENTS DE LONGUEUR FIXE - RENSEIGNEMENTS GÉNÉRAUX
Champ de contrôle de longueur fixe 120514t1989 ja ||||dr|||| 000 0 eng d
037 ## - SOURCE D'ACQUISITION
Source d'acquisition et du numéro d'inventaire don
039 ## - NIVEAU DE CONTRÔLE BIBLIOGRAPHIQUE ET HISTORIQUE D'ENCODAGE [OBSOLETE]
Date creation 20120514071754.0
Nom catalographe Dieudonné Ndayishimiye
040 ## - SOURCE DU CATALOGAGE
Organisme qui a effectué le catalogage original BI-BuBU
Code de la langue utilisée dans le catalogage fre
Organisme qui a effectué la transcription BI-BuBU
041 0# - CODE DE LANGUE
Code de langue du texte/de la piste sonore ou du titre distinct eng
080 ## - INDICE DE LA CLASSIFICATION DÉCIMALE UNIVERSELLE (CDU)
Indice de la Classification décimale universelle 809.63
110 1# - VEDETTE PRINCIPALE - NOM DE COLLECTIVITÉ
Code de relation <a href="aut">aut</a>
Nom de la collectivité ou nom de lieu comme élément de classement Institute for the Sudy of Language and culture of Asia and Africa. Tokyo
9 (RLIN) 55937
245 10 - MENTION DU TITRE
Titre Studies in Tanzanian languages
Mention de responsabilité, etc. Institute for the Sudy of Language and culture of Asia and Africa
260 ## - PUBLICATION, DIFFUSION, ETC. (ADRESSE BIBLIOGRAPHIQUE)
Lieu de publication, diffusion, etc. Tokyo
Nom de l'éditeur, diffuseur, etc. Institute for the Sudy of Language and culture of Asia and Africa
Date of publication, distribution, etc 1989
300 ## - DESCRIPTION MATÉRIELLE
Collation 560 p.
Dimensions 26 cm.
440 #0 - MENTION DE COLLECTION / VEDETTE SECONDAIRE DE TITRE
Titre Bantu linguistic
Numéro de volume et/ou désignation d'ordre séquentiel vol.2
9 (RLIN) 55938
650 #7 - VEDETTE-MATIÈRE - NOM COMMUN
Source du terme BI-BuBU
Vedette de sujet ou vedette comportant un nom géographique Langage
Subdivision générale Etude
Subdivision géographique Tanzanie
9 (RLIN) 55939
942 ## - ÉLÉMENTS D'ENTRÉE ADDITIONNELLE (KOHA)
Source de la classification ou du système de rangement
Type d item koha BOOK
Holdings
Statut de retrait Statut de perte Source de la classification ou du système de rangement Statut de déterioration Exclu du prêt Numéro d item Koha Localisation permanente Localisation actuelle Date d'acquisition Source d'acquisition Nombre de prêts Cote Code-barres Date last seen Numéro d'exemplaire Prix en vigueur à partir du Type d item koha
          24696 Bibliothèque Centrale Bibliothèque Centrale 14/05/2012 Don   809.63 STU.T. 5010000336882 14/05/2012 1 14/05/2012 BOOK
© 2019-2026 - Bibliothèques de l'Université du Burundi |Tous droits réservés
home | Pour toute information urgente Contactez nous | tel whatsupp: +25779204313